| 000 | 00000nam##2200000za#4500 |
| 001 | 9.568388 |
| 003 | CaOODSP |
| 005 | 20240215150447 |
| 007 | cr ||||||||||| |
| 008 | 150406|2004||||xxc|||||o f|0| 0 eng|d |
| 040 | |aCaOODSP|beng |
| 043 | |an-cn--- |
| 086 | 1 |aPS83-3/147E-PDF |
| 110 | 2 |aCorrectional Service Canada. |
| 245 | 10|aCitizens' Advisory Committees in Canada / |h[electronic resource]|c[by] Shelley Trevethan ... [et al]. |
| 260 | |bCorrectional Service Canada |cJune 2004. |
| 300 | |a122p.|bfig., graphs, references, tables |
| 490 | 1 |aResearch report|vR-147 |
| 590 | |a10-14-Supp|b2010-12-03 |
| 720 | 1 |aTrevethan, Shelley |
| 720 | 1 |aGillis, Christa A. |
| 720 | 1 |aRastin, Christopher J. |
| 720 | 1 |aBell, Amey |
| 775 | 08|tLes Comités consultatifs de citoyens au Canada / |w(CaOODSP)9.599676 |
| 830 | #0|aResearch report (Correctional Service Canada. Research Branch)|vR-147|w(CaOODSP)9.506063 |
| 856 | 40|ahttp://publications.gc.ca|qPDF|s3 MB|uhttps://publications.gc.ca/collections/collection_2010/scc-csc/PS83-3-147-eng.pdf|yR-147 |